|
|
|
|
| LEADER |
00989nam a2200253 u 4500 |
| 001 |
10042988 |
| 003 |
upatras |
| 005 |
20210117200030.0 |
| 008 |
020220s2001 au eng |
| 020 |
|
|
|a 1864700572
|
| 040 |
|
|
|a GR-PaULI
|c GR-PaULI
|
| 041 |
0 |
|
|a eng
|
| 082 |
0 |
4 |
|a 720.28
|
| 245 |
1 |
0 |
|a Cyberspace
|b the world of digital architecture
|c Images Publishing Group
|
| 260 |
|
|
|a Mulgrave
|b Images Publishing Group
|c 2001
|
| 300 |
|
|
|a 212 p.
|b phot., fig.
|c 31 cm.
|
| 504 |
|
|
|a Includes index
|
| 650 |
|
4 |
|a Ηλεκτρονικοί υπολογιστές
|9 888
|
| 650 |
|
4 |
|9 2
|a Αρχιτεκτονική, Οικιακή
|z Ελλάδα
|
| 852 |
|
|
|a GR-PaULI
|b ΠΑΤΡΑ
|b ΑΡΧΙΤΕΚΤΟΝΙΚΗ
|k ΑΣΧΞ-2
|h 720.28 I
|m 002363
|p 025000095359
|t 1
|
| 942 |
|
|
|2 ddc
|c BK15
|
| 952 |
|
|
|0 0
|1 0
|4 0
|6 720_280000000000000_I
|7 0
|9 31218
|a ARCH
|b ARCH
|d 2016-04-24
|i 002363
|l 1
|m 1
|o 720.28 I
|p 025000095359
|r 2019-11-21 00:00:00
|s 2019-11-06
|t 1
|w 2016-04-24
|y BK15
|
| 998 |
|
|
|c MANIAKH
|d 2002-02
|
| 999 |
|
|
|c 19938
|d 19938
|